000 00242nam a2200097Ia 4500
005 20251222114353.0
008 251222s1900||||xx |||||||||||||| ||spa||
082 _aDVD0050/F57/1966
245 0 _aFantastic voyage:El viaje fantástico
942 _cDVD
999 _c1309
_d1309